An outlook for Japan's industrial society towards the 21st century

में बचाया:
ग्रंथसूची विवरण
स्वरूप: पुस्तक
भाषा:Undetermined
प्रकाशित: Japan 1986
विषय:
टैग : टैग जोड़ें
कोई टैग नहीं, इस रिकॉर्ड को टैग करने वाले पहले व्यक्ति बनें!
Thư viện lưu trữ: Trung tâm Học liệu Trường Đại học Cần Thơ
LEADER 00424nam a2200157Ia 4500
001 CTU_99688
008 210402s9999 xx 000 0 und d
082 |a 338 
082 |b O.93 
245 3 |a An outlook for Japan's industrial society towards the 21st century 
260 |a Japan 
260 |c 1986 
650 |a Industry 
650 |z Japan 
904 |i Tuyến 
980 |a Trung tâm Học liệu Trường Đại học Cần Thơ